Tennis - Joueurs Par Images #1 - Statistiques

Statistiques générales
  • Ce quiz a été pris 1 391 fois
  • Le résultat moyen est 16 sur 20
Statistiques - réponses
Par images Réponse % Correct
Gaël Monfils
98%
Carlos Alcaraz
96%
Rafael Nadal
95%
Arthur Fils
91%
Benoît Paire
91%
Frances Tiafoe
90%
Andrey Rublev
89%
Casper Ruud
87%
Ben Shelton
86%
Alexander Bublik
83%
Félix Auger-Aliassime
83%
Nick Kyrgios
83%
Alex De Minaur
79%
Arthur Cazaux
78%
Grigor Dimitrov
78%
Dominic Thiem
73%
Lorenzo Musetti
72%
Matteo Berrettini
72%
Gilles Simon
62%
Alexander Shevchenko
30%
Aucun quiz correspondant
Distribution des résultats
% des personnes avec chaque résultat
Percentile par nombre de réponses
Votre historique - résultats
Vous n’avez pas pris ce quiz